000
00280nam a22001097a 4500
008
170118b xxu||||| |||| 00| 0 eng d
020
_a
0838517889
041
_a
eng
080
_2
5TH
_a
618.2
245
_a
GOVONI & HAYES/ DRUGS AND NURSING IMPLICATIONS
_c
GOVONI, L.E
942
_2
udc
_c
BK
999
_c
3097
_d
3097